| 000 | 00921nas a2200289 4500 | ||
|---|---|---|---|
| 001 | BR0002407 | ||
| 003 | BR-BrBNA | ||
| 005 | 20231205101838.0 | ||
| 007 | ta | ||
| 008 | 230509b bl.|||p| |||| 00| 00por d | ||
| 040 |
_aBR-BrBNA _bpor _cBiblioteca Nacional de Agricultura |
||
| 041 | _a(Pt) | ||
| 072 | _aF02 | ||
| 100 | 1 | _aSchwartz, E. | |
| 100 | 1 | _aRoncatto, G. | |
| 100 | 1 | _aFortes, G.R. de L. | |
| 245 | 1 | _aMultiplicacao in vitro do porta enxerto de macieira cv. "Marubakaido" utilizando 6-benzilaminopurina e acido naftalenoacetico | |
| 650 | _aMaca | ||
| 650 | _aMicropropagacao | ||
| 650 | _aCultura de Tecido | ||
| 650 | _aAcido Naftaleno-acetico | ||
| 650 | _aPorta Enxerto | ||
| 650 | _aRio Grande do Sul | ||
| 773 | 0 |
_tRevista Brasileira de Fruticultura (Brazil) _xISSN 0100-2945 _g(Apr 2000), v. 22(1) p. 77-79 _wBR0002407 |
|
| 909 |
_a202311 _bLúcia _c55 _dLúcia Elande |
||
| 942 |
_2AGRIS _n0 _cANA |
||
| 999 |
_c164289 _d164289 |
||